000 00619cam a22002053a 4500
001 39660
003 PGUSA
005 20140828083900.0
008 120509s2012||||xxu|||||s|||||000 | eng d
040 _aPGUSA
_beng
042 _adc
100 1 _aMacKenzie, Compton,
_d1883-1972
245 1 0 _aSylvia and Michael :
_bThe later adventures of Sylvia Scarlett
_h[electronic resource] /
_cCompton MacKenzie
260 _bProject Gutenberg,
_c2012
506 _aPublic domain in the USA.
516 _aElectronic text
830 0 _aProject Gutenberg
_v39660
856 4 0 _uhttp://www.gutenberg.org/ebooks/39660
942 _cEB
999 _c268913
_d268913